000
00287nam a22001337a 4500
020
_a
81-86737-23-5
082
_a
200
_b
NAR/W
100
_a
NARAYANA MAHARAJA
245
_a
THE WAY OF LOVE
260
_a
BANGALORE
_b
BHAKTI
_c
2004
300
_a
18
650
_a
SPIRITUAL
_z
INDIA
942
_c
BK
999
_c
4711
_d
4711